Návrh bezpečnostného projektu informačných systémov pre potreby malého podniku bakalárska práca

Gespeichert in:
Bibliographische Detailangaben
1. Verfasser: Danková, Monika
Körperschaft: Fakulta podnikového manažmentu EU. Katedra informačného manažmentu
Weitere Verfasser: Beláňová, Benita, 1973-
Format: Buch
Sprache:Slowakisch
Veröffentlicht: Bratislava 2022
Tags: Tag hinzufügen
Keine Tags, Fügen Sie das erste Tag hinzu!

MARC

LEADER 00000nbm a2200000 4500
001 0285460
005 20230331103410.4
041 0 |a slo 
044 |a SK 
245 1 0 |a Návrh bezpečnostného projektu informačných systémov pre potreby malého podniku  |b bakalárska práca  |c Monika Danková ; školiteľ: Benita Beláňová 
264 1 |a Bratislava  |c 2022 
300 |a 44 s. 
100 1 |a Danková, Monika 
700 1 |a Beláňová, Benita, 1973- 
710 2 |a Fakulta podnikového manažmentu EU. Katedra informačného manažmentu